Statistiques concernant Personnages du journal de Mickey

Cliquez ici pour prendre le quiz!

Statistiques générales

  • Ce quiz a été pris 195 fois
  • Le résultat moyen est 10 sur 19

Statistiques - réponses

Réponse% Correct
mickey
100%
donald
99%
minnie
99%
daisy
95%
pluto
95%
dingo
90%
picsou
87%
riri fifi loulou
70%
géo trouvetou
46%
pat hibulaire
41%
gontran
40%
clarabelle
35%
rapetou
35%
miss tick
29%
horace
22%
fantôme noir
20%
flairsou
20%
commissaire finot
12%
jojo et michou
11%

Distribution des résultats

Percentile par nombre de réponses

% des personnes avec chaque résultat

Votre développement - résultats

Vous n’avez pas pris ce quiz